| 000 | 00704nam a2200277 a 4500 | ||
|---|---|---|---|
| 003 | AR-BaBNM | ||
| 005 | 20251128203307.0 | ||
| 008 | 082120s2002 ||||||||||||||000 | spa|| | ||
| 020 | _a84-320-6161-1 | ||
| 040 | _cAR-BaBNM | ||
| 100 | 1 | _aBiegel, Paul | |
| 245 | 0 | 0 | _aEl pequeño capitán |
| 250 | _a1ª ed. | ||
| 260 |
_aBarcelona _bPlaneta _c1981 |
||
| 300 |
_a121 p. _bil. |
||
| 490 | 0 |
_aJuvenil. Nuevos horizontes _vv. 1 |
|
| 650 | 4 | _aLIBROS PARA NIÑOS | |
| 650 | 4 | _aLITERATURA INFANTIL | |
| 653 | _aNOVELA DE AVENTURAS | ||
| 653 | _aNARRATIVA | ||
| 655 | _aLITERATURA | ||
| 700 | 1 |
_aHollander, Carl _eilustrador |
|
| 800 | 1 |
_aPardo, José _edirector |
|
| 942 | _cBK | ||
| 998 | _cMARTIN | ||
| 999 |
_c2757 _d2757 |
||